000 00681cam a22002413a 4500
001 607
003 PGUSA
005 20140828082950.0
008 960701s1996||||xxu|||||s|||||000 | eng d
040 _aPGUSA
_beng
042 _adc
050 4 _aBX
100 1 _aMelanchthon, Philipp,
_d1497-1560
245 1 0 _aDie Augsburger Confession
_h[electronic resource] /
_cPhilipp Melanchthon
260 _bProject Gutenberg,
_c1996
506 _aPublic domain in the USA.
516 _aElectronic text
653 _aLutheran Church -- Doctrines
653 _aTheology, Doctrinal
830 0 _aProject Gutenberg
_v607
856 4 0 _uhttp://www.gutenberg.org/ebooks/607
942 _cEB
999 _c229958
_d229958